<?xml version="1.0" encoding="UTF-8"?>
<record
    xmlns:xsi="http://www.w3.org/2001/XMLSchema-instance"
    xsi:schemaLocation="http://www.loc.gov/MARC21/slim http://www.loc.gov/standards/marcxml/schema/MARC21slim.xsd"
    xmlns="http://www.loc.gov/MARC21/slim">

  <leader>01257nam a22002657a 4500</leader>
  <controlfield tag="005">20260227093044.0</controlfield>
  <controlfield tag="008">220228b           ||||| |||| 00| 0 eng d</controlfield>
  <datafield tag="020" ind1=" " ind2=" ">
    <subfield code="a">9789353166786</subfield>
  </datafield>
  <datafield tag="040" ind1=" " ind2=" ">
    <subfield code="c">Aloy</subfield>
  </datafield>
  <datafield tag="041" ind1=" " ind2=" ">
    <subfield code="a">eng</subfield>
  </datafield>
  <datafield tag="082" ind1=" " ind2=" ">
    <subfield code="2">23</subfield>
    <subfield code="a">339</subfield>
    <subfield code="b">ROMA</subfield>
  </datafield>
  <datafield tag="100" ind1=" " ind2=" ">
    <subfield code="a">David Romer</subfield>
    <subfield code="9">256983</subfield>
  </datafield>
  <datafield tag="245" ind1=" " ind2=" ">
    <subfield code="a">Advanced Macroeconomics</subfield>
  </datafield>
  <datafield tag="250" ind1=" " ind2=" ">
    <subfield code="a">4th ed.</subfield>
  </datafield>
  <datafield tag="260" ind1=" " ind2=" ">
    <subfield code="a">Chennai</subfield>
    <subfield code="b">Mc Graw Hill Education (India) Pvt Ltd</subfield>
    <subfield code="c">2019</subfield>
  </datafield>
  <datafield tag="300" ind1=" " ind2=" ">
    <subfield code="a">xvi,716 p.</subfield>
    <subfield code="b">PB</subfield>
    <subfield code="c">22x15 cm.</subfield>
  </datafield>
  <datafield tag="365" ind1=" " ind2=" ">
    <subfield code="2">Economics</subfield>
    <subfield code="a">MLSH21CRB333</subfield>
    <subfield code="b">660.00</subfield>
    <subfield code="c">&#x20B9;</subfield>
    <subfield code="d">825.00</subfield>
    <subfield code="e">20^%</subfield>
    <subfield code="f">20-02-2022</subfield>
  </datafield>
  <datafield tag="520" ind1=" " ind2=" ">
    <subfield code="a">The Fourth Edition of Advanced Macroeconomics presents the major theories concerning the central questions of macroeconomics. In areas ranging from economic growth and short-run fluctuations to the natural rate of unemployment and fiscal policy, formal models are used to present and analyze key ideas and issues. The theoretical analysis is supplemented by examples of relevant empirical work, illustrating the ways that theories can be applied and tested.</subfield>
  </datafield>
  <datafield tag="650" ind1=" " ind2=" ">
    <subfield code="a">Real Business Cycle Theory</subfield>
    <subfield code="9">22191</subfield>
  </datafield>
  <datafield tag="650" ind1=" " ind2=" ">
    <subfield code="a">Consumption</subfield>
    <subfield code="9">22192</subfield>
  </datafield>
  <datafield tag="650" ind1=" " ind2=" ">
    <subfield code="a">Nominal Rigidity</subfield>
    <subfield code="9">22193</subfield>
  </datafield>
  <datafield tag="650" ind1=" " ind2=" ">
    <subfield code="a">Inflation and Monetary</subfield>
    <subfield code="9">22194</subfield>
  </datafield>
  <datafield tag="650" ind1=" " ind2=" ">
    <subfield code="a">Budget Deficits and Fiscal Policy</subfield>
    <subfield code="9">22195</subfield>
  </datafield>
  <datafield tag="942" ind1=" " ind2=" ">
    <subfield code="2">ddc</subfield>
    <subfield code="c">BK</subfield>
  </datafield>
  <datafield tag="999" ind1=" " ind2=" ">
    <subfield code="c">221652</subfield>
    <subfield code="d">221652</subfield>
  </datafield>
  <datafield tag="952" ind1=" " ind2=" ">
    <subfield code="0">0</subfield>
    <subfield code="1">0</subfield>
    <subfield code="2">ddc</subfield>
    <subfield code="4">0</subfield>
    <subfield code="7">0</subfield>
    <subfield code="8">ECO</subfield>
    <subfield code="a">AL</subfield>
    <subfield code="b">AL</subfield>
    <subfield code="d">2022-02-25</subfield>
    <subfield code="e">Sapna Book House Pvt Ltd. Mangalore-575001</subfield>
    <subfield code="g">660.00</subfield>
    <subfield code="l">0</subfield>
    <subfield code="o">339 ROMA</subfield>
    <subfield code="p">075540</subfield>
    <subfield code="r">2022-02-28 00:00:00</subfield>
    <subfield code="v">825.00</subfield>
    <subfield code="w">2022-02-28</subfield>
    <subfield code="y">BK</subfield>
  </datafield>
</record>
